Handbook of II-VI semiconductor-based sensors and radiation detectors. (Record no. 171953)

MARC details
000 -LEADER
fixed length control field 00952cam a2200265 i 4500
001 - CONTROL NUMBER
control field 1369792580
003 - CONTROL NUMBER IDENTIFIER
control field OCoLC
005 - DATE AND TIME OF LATEST TRANSACTION
control field 20250611133518.0
008 - FIXED-LENGTH DATA ELEMENTS--GENERAL INFORMATION
fixed length control field 230213s2023 sz a o 000 0 eng d
020 ## - INTERNATIONAL STANDARD BOOK NUMBER
Canceled/invalid ISBN 9783031205095
024 7# - OTHER STANDARD IDENTIFIER
Standard number or code 10.1007/978-3-031-20510-1
040 ## - CATALOGING SOURCE
Original cataloging agency GW5XE
Language of cataloging eng
Description conventions rda
Transcribing agency NUST
Modifying agency NUST
050 #4 - LIBRARY OF CONGRESS CALL NUMBER
Classification number REF TK8360.HAN
245 00 - TITLE STATEMENT
Title Handbook of II-VI semiconductor-based sensors and radiation detectors.
Number of part/section of a work Volume 2,
Name of part/section of a work Photodetectors /
Statement of responsibility, etc. Ghenadii Korotcenkov, editor
260 ## - PUBLICATION, DISTRIBUTION, ETC.
Place of publication, distribution, etc. Moldova,
Name of publisher, distributor, etc. Springer,
Date of publication, distribution, etc. ©2023.
300 ## - PHYSICAL DESCRIPTION
Extent xv, 524 pages :
Other physical details illustrations
Dimensions 25 cm
336 ## - CONTENT TYPE
Content type term text
Content type code txt
Source rdacontent
337 ## - MEDIA TYPE
Media type term unmediated
Media type code n
Source rdamedia
338 ## - CARRIER TYPE
Carrier type term volume
Carrier type code nc
Source rdacarrier
504 ## - BIBLIOGRAPHY, ETC. NOTE
Bibliography, etc. note Includes Bibliographical References and Index
650 #0 - SUBJECT ADDED ENTRY--TOPICAL TERM
Topical term or geographic name entry element Optical detectors.
650 #0 - SUBJECT ADDED ENTRY--TOPICAL TERM
Topical term or geographic name entry element Semiconductors.
700 1# - ADDED ENTRY--PERSONAL NAME
Personal name Korotchenkov, G. S.
Fuller form of name (Gennadiĭ Sergeevich),
Relator term editor
942 ## - ADDED ENTRY ELEMENTS (KOHA)
Source of classification or shelving scheme Library of Congress Classification
Suppress in OPAC No
Koha item type Ordinary Loan Books
Classification part TK8360.HAN
Call number prefix TK
Call number suffix HAN
Holdings
Withdrawn status Lost status Source of classification or shelving scheme Materials specified (bound volume or other part) Damaged status Not for loan Collection Home library Current library Shelving location Date acquired Source of acquisition Cost, normal purchase price Total Checkouts Full call number Barcode Date last seen Accession number Cost, replacement price Price effective from Koha item type Public note
    LCC (volume 2)     NFIC MAIN MAIN GEN 06/03/2025 Book Aid International 42.00   REF TK8360 HAN 92004055706 06/03/2025 61804 42.00 06/03/2025 BOOKS Donation